00690nam a22001577a 4500003000400000005001700004008004100021040001800062100002500080245023100105260002300336650007700359650003700436700002300473856003600496OSt20240615104437.0240615b ||||| |||| 00| 0 eng d cAIMIT LIBRARY aB K Kshama.e2116084 aStudy on the impact of employee perception towards organizational culture and leadership style on employee engagement and job satisfaction with reference to arvind fashion ltd Bangalore /cBy Kshama B K ; Guided by Vasantha G. aBangalore ;c2023. aIndustry profile company profile and theoretical background of the study aData analysis and interpretation aG Vasantha.eGuide 3Arvind lifestyle brands limited